[Event "CAN-ch"]
[Site "Montreal CAN"]
[Date "1981.??.??"]
[Round "?"]
[White "Spraggett, Kevin"]
[Black "Barbeau, Sylvain"]
[Result "1-0"]
[WhiteElo "2450"]
[BlackElo "2245"]
[PlyCount "89"]
[EventDate "1981.05.16"]
[EventType "tourn"]
[EventRounds "15"]
[EventCountry "CAN"]

1. b3 e5 2. Bb2 Nc6 3. c4 Nf6 4. e3 g6 5. Nf3 d6 6. Nc3 Bg7 7. Be2 O-O 8. O-O
Re8 9. a3 a5 10. Rc1 e4 11. Ne1 Ne5 12. f4 exf3 13. gxf3 Bh3 14. Ng2 c6 15. Na4
g5 16. Rf2 h5 17. Qc2 Bd7 18. c5 g4 19. Rcf1 gxf3 20. Bxf3 Bg4 21. Ne1 Re6 22.
Bg2 h4 23. h3 Bh5 24. e4 Bg6 25. d3 Nh5 26. Nf3 Ng3 27. Re1 Qe7 28. cxd6 Nxf3+
29. Bxf3 Rxd6 30. Bxg7 Kxg7 31. Qc3+ Kg8 32. Nb2 Rad8 33. Qxa5 b5 34. Qd2 Qe5
35. Bg2 c5 36. a4 bxa4 37. Nc4 Qd4 38. Nxd6 Rxd6 39. bxa4 c4 40. e5 Rd8 41. e6
cxd3 42. e7 Re8 43. Bc6 Ne4 44. Rxe4 Bxe4 45. Qg5+ 1-0

[Event "Monteregie op"]
[Site "Longueuil CAN"]
[Date "1981.04.04"]
[Round "1"]
[White "Bolduc, Steve"]
[Black "Barbeau, Sylvain"]
[Result "0-1"]
[WhiteElo "1860"]
[BlackElo "2238"]
[PlyCount "60"]
[EventDate "1981.04.04"]
[EventType "swiss"]
[EventRounds "4"]
[EventCountry "CAN"]

1. d4 Nf6 2. c4 g6 3. Nc3 d5 4. Nf3 Bg7 5. Qb3 dxc4 6. Qxc4 O-O 7. Bf4 c6 8. e4
b5 9. Qb3 Qa5 10. Bd3 Be6 11. Qc2 Na6 12. a3 Nb4 13. Qb1 Nxd3+ 14. Qxd3 Bc4 15.
Qc2 c5 16. b3 cxd4 17. bxc4 dxc3 18. O-O Rac8 19. cxb5 Qxb5 20. Rab1 Qc6 21.
Rfe1 Nd7 22. e5 e6 23. Nd4 Qc5 24. Nb3 Qxa3 25. Bc1 Qe7 26. f4 Nb6 27. Ra1 Nc4
28. Ra4 Rfd8 29. Re4 Nd2 30. Ba3 Qh4 0-1

[Event "Monteregie op"]
[Site "Longueuil CAN"]
[Date "1981.04.04"]
[Round "2"]
[White "Barbeau, Sylvain"]
[Black "Morin, Louis"]
[Result "1-0"]
[WhiteElo "2238"]
[BlackElo "1900"]
[PlyCount "51"]
[EventDate "1981.04.04"]
[EventType "swiss"]
[EventRounds "4"]
[EventCountry "CAN"]

1. c4 e6 2. Nf3 Nf6 3. b3 d5 4. Bb2 Be7 5. e3 O-O 6. d4 c5 7. Bd3 Nc6 8. Nc3
cxd4 9. exd4 dxc4 10. bxc4 b6 11. Rc1 Bb7 12. O-O Rc8 13. Qe2 Re8 14. Rfd1 Bf8
15. Bb1 Na5 16. Ne5 g6 17. a3 Qe7 18. Ba2 Red8 19. d5 exd5 20. cxd5 Bh6 21. d6
Qf8 22. Nxf7 Bxc1 23. Nxd8+ Kh8 24. Ne6 Qe8 25. Rxc1 Qc6 26. Bd5 1-0

[Event "Cavalier Blanc"]
[Site "Montreal CAN"]
[Date "1981.02.22"]
[Round "4"]
[White "Bolduc, Steve"]
[Black "Barbeau, Sylvain"]
[Result "0-1"]
[WhiteElo "1748"]
[BlackElo "2281"]
[PlyCount "62"]
[EventDate "1981.02.21"]
[EventType "swiss"]
[EventRounds "4"]
[EventCountry "CAN"]

1. d4 Nf6 2. Nf3 g6 3. c4 Bg7 4. Nc3 d5 5. e3 O-O 6. Be2 c5 7. O-O dxc4 8. Bxc4
a6 9. Qe2 b5 10. Bb3 Bb7 11. Rd1 Qc7 12. Bd2 Nbd7 13. Rac1 Rac8 14. a3 Qb8 15.
a4 c4 16. axb5 cxb3 17. bxa6 Ba8 18. Ra1 Ne4 19. Ra3 Nxc3 20. Bxc3 Be4 21. Qe1
Bc2 22. Rda1 Nb6 23. Ra5 Nc4 24. R5a4 e6 25. Rb4 Qc7 26. Rb7 Qc6 27. Bb4 Rfe8
28. Bc5 h6 29. Qc3 Qxc5 30. Qxc2 bxc2 31. dxc5 Bxb2 0-1

[Event "Pere Noel"]
[Site "Montreal CAN"]
[Date "1980.12.30"]
[Round "5"]
[White "Barbeau, Sylvain"]
[Black "Zalys, Ignas"]
[Result "1-0"]
[WhiteElo "2268"]
[BlackElo "1937"]
[PlyCount "89"]
[EventDate "1980.12.26"]
[EventType "swiss"]
[EventRounds "5"]
[EventCountry "CAN"]

1. Nf3 Nf6 2. g3 g6 3. Bg2 Bg7 4. O-O O-O 5. c4 c6 6. b3 d6 7. d4 Nbd7 8. Bb2
Qc7 9. Qc2 Re8 10. Nbd2 e5 11. e4 Nh5 12. Rad1 Nf8 13. h3 Be6 14. Qb1 Rad8 15.
d5 Bc8 16. b4 f5 17. a3 Nf6 18. Ne1 Nxe4 19. Nxe4 fxe4 20. Qxe4 cxd5 21. cxd5
Bf5 22. Qe3 Ra8 23. Rc1 Qd8 24. Nf3 Bf6 25. g4 Bd7 26. g5 Bg7 27. Nd2 Bb5 28.
Rfe1 Nd7 29. Rc2 Nb6 30. Rec1 Re7 31. Ne4 Rf7 32. Qd2 Ba4 33. Rc3 Bb5 34. Ba1
Ba4 35. h4 Rf4 36. h5 gxh5 37. Rc7 Bb3 38. Rxg7+ Kxg7 39. Qxf4 Nxd5 40. Qg3 Nf4
41. Qxf4 Qe7 42. Nxd6 Rf8 43. Qxe5+ Qxe5 44. Bxe5+ Kg6 45. f4 1-0

[Event "Montreal op"]
[Site "Montreal CAN"]
[Date "1980.08.31"]
[Round "3"]
[White "Barbeau, Sylvain"]
[Black "Melkonian, Sam"]
[Result "1-0"]
[WhiteElo "2263"]
[BlackElo "2012"]
[PlyCount "95"]
[EventDate "1980.08.30"]
[EventType "swiss"]
[EventRounds "6"]
[EventCountry "CAN"]

1. c4 e6 2. g3 Nf6 3. Bg2 d5 4. Nf3 Be7 5. O-O O-O 6. d4 c5 7. cxd5 Nxd5 8. Nc3
Nc6 9. Nxd5 exd5 10. dxc5 Bxc5 11. Qc2 Be7 12. a3 Bf6 13. Be3 d4 14. Rfd1 Qb6
15. Bg5 Bxg5 16. Nxg5 g6 17. Qd2 Rd8 18. Qf4 Be6 19. Nxe6 fxe6 20. Bh3 Kg7 21.
Bxe6 Rf8 22. Qd2 Rf6 23. Bd5 Rd8 24. Bxc6 bxc6 25. Qb4 c5 26. Qxb6 Rxb6 27. Rd2
Kf6 28. Rc1 Rb5 29. Rc4 Ke5 30. e3 d3 31. b4 cxb4 32. axb4 g5 33. Kg2 Rd7 34.
f4+ gxf4 35. gxf4+ Ke6 36. Kf3 a5 37. bxa5 Rxa5 38. Ke4 Ra3 39. Rd4 Rxd4+ 40.
Kxd4 Ra4+ 41. Kxd3 Kd5 42. Rb2 Ra3+ 43. Ke2 Ke4 44. Rb4+ Kf5 45. Kf3 h5 46.
Rb5+ Kg6 47. Ke4 Ra2 48. Rb6+ 1-0

[Event "Montreal op"]
[Site "Montreal CAN"]
[Date "1980.09.01"]
[Round "6"]
[White "Rousseau, Jean-Jacques"]
[Black "Barbeau, Sylvain"]
[Result "1-0"]
[WhiteElo "2129"]
[BlackElo "2263"]
[PlyCount "63"]
[EventDate "1980.08.30"]
[EventType "swiss"]
[EventRounds "6"]
[EventCountry "CAN"]

1. e4 c5 2. Nf3 Nc6 3. d4 cxd4 4. Nxd4 Nf6 5. Nc3 d6 6. Bg5 Bd7 7. Qd2 Rc8 8.
O-O-O Nxd4 9. Qxd4 Qa5 10. Bd2 e5 11. Qe3 a6 12. Kb1 Qc7 13. a3 b5 14. f3 Be7
15. g4 Be6 16. h4 O-O 17. Bd3 d5 18. exd5 Nxd5 19. Nxd5 Bxd5 20. Bc3 Bc5 21.
Bxh7+ Kh8 22. Qg5 Bxf3 23. Bf5 Rfe8 24. Qh5+ Kg8 25. Qh7+ Kf8 26. Rd7 Qxd7 27.
Bxd7 Rcd8 28. Rf1 Bg2 29. Bxe8 Bxf1 30. Bc6 Bc4 31. b3 Be6 32. Bxe5 1-0

[Event "Quebec op"]
[Site "Montreal CAN"]
[Date "1980.08.04"]
[Round "2"]
[White "Barbeau, Sylvain"]
[Black "Morgentaler, Henry"]
[Result "1-0"]
[WhiteElo "2272"]
[BlackElo "1933"]
[PlyCount "67"]
[EventDate "1980.08.03"]
[EventType "swiss"]
[EventRounds "8"]
[EventCountry "CAN"]

1. c4 e6 2. g3 Nf6 3. Bg2 Be7 4. Nf3 c6 5. O-O d5 6. b3 O-O 7. Bb2 dxc4 8. bxc4
Nbd7 9. Qc2 Qc7 10. e3 b6 11. d4 Bb7 12. e4 Rfd8 13. Nc3 a6 14. e5 Ne8 15. Ne4
Nf8 16. c5 b5 17. a4 a5 18. Nfd2 f5 19. Nd6 Bxd6 20. cxd6 Qb6 21. Nb3 Nd7 22.
Nc5 Nxc5 23. dxc5 Qa6 24. axb5 Qxb5 25. Bd4 Rd7 26. Rfb1 Qa6 27. Rb6 Qa7 28.
Qa4 g5 29. Bxc6 Bxc6 30. Qxc6 a4 31. Qb5 a3 32. c6 Rdd8 33. Qc4 Kf7 34. Rb7+
1-0

[Event "Quebec op"]
[Site "Montreal CAN"]
[Date "1980.08.06"]
[Round "4"]
[White "Barbeau, Sylvain"]
[Black "Roos, Celine"]
[Result "1-0"]
[WhiteElo "2272"]
[BlackElo "1942"]
[PlyCount "63"]
[EventDate "1980.08.03"]
[EventType "swiss"]
[EventRounds "8"]
[EventCountry "CAN"]

1. c4 e5 2. g3 Nf6 3. Bg2 c6 4. Nf3 e4 5. Nd4 d5 6. cxd5 cxd5 7. O-O Nc6 8.
Nxc6 bxc6 9. Nc3 Bd6 10. d3 exd3 11. Qxd3 O-O 12. e4 a5 13. Rd1 Ba6 14. Qc2 Qc7
15. Bg5 Be5 16. Bxf6 Bxf6 17. Nxd5 Qe5 18. Nxf6+ Qxf6 19. f4 Rfc8 20. e5 Qe7
21. Rd6 Rab8 22. Rad1 g6 23. b3 Qa7+ 24. Kh1 c5 25. e6 fxe6 26. Qe4 Bb5 27.
Qxe6+ Qf7 28. Bd5 Qxe6 29. Bxe6+ Kg7 30. Bxc8 Rxc8 31. Rc1 c4 32. bxc4 1-0

[Event "Quebec op"]
[Site "Montreal CAN"]
[Date "1980.08.10"]
[Round "8"]
[White "Pelts, Roman"]
[Black "Barbeau, Sylvain"]
[Result "1-0"]
[WhiteElo "2510"]
[BlackElo "2272"]
[PlyCount "59"]
[EventDate "1980.08.03"]
[EventType "swiss"]
[EventRounds "8"]
[EventCountry "CAN"]

1. Nf3 Nf6 2. g3 g6 3. Bg2 Bg7 4. d4 O-O 5. O-O d6 6. c4 Nc6 7. d5 Na5 8. Nfd2
c5 9. Nc3 a6 10. Qc2 Rb8 11. b3 b5 12. Bb2 bxc4 13. bxc4 Bh6 14. f4 e5 15. dxe6
Bxe6 16. Nd5 Bxd5 17. cxd5 Ng4 18. Bc3 Rb5 19. Qd3 Qb6 20. h3 Ne5 21. Qc2 Nac4
22. fxe5 Nxd2 23. Bxd2 Rb2 24. Ba5 Qb5 25. a4 Rxc2 26. axb5 axb5 27. exd6 Bg5
28. h4 Bd8 29. Bc7 Rxe2 30. Ra8 1-0

[Event "Montreal inv"]
[Site "Montreal CAN"]
[Date "1980.01.12"]
[Round "1"]
[White "Rohland, Michael"]
[Black "Barbeau, Sylvain"]
[Result "0-1"]
[WhiteElo "2200"]
[BlackElo "1989"]
[PlyCount "72"]
[EventDate "1980.01.12"]
[EventType "tourn"]
[EventRounds "9"]
[EventCountry "CAN"]
[Source "ChessBase"]
[SourceDate "1997.11.17"]

1. e4 c5 2. c3 d5 3. exd5 Qxd5 4. d4 e6 5. Nf3 Nc6 6. Bd3 Bd7 7. O-O cxd4 8.
cxd4 Nxd4 9. Nxd4 Qxd4 10. Nc3 Nf6 11. Re1 Qb6 12. Be3 Qa5 13. Qf3 Bc6 14. Bb5
Rc8 15. Bxc6+ bxc6 16. Bd4 Be7 17. Ne4 Nxe4 18. Rxe4 O-O 19. Re5 Qa4 20. Bc3 c5
21. Rh5 Rfd8 22. b3 Qd7 23. Qg4 Bf8 24. Bf6 e5 25. Qxd7 Rxd7 26. Bxe5 Rd5 27.
Re1 Re8 28. Rh4 Rdxe5 29. Rxe5 Rxe5 30. Kf1 g6 31. Ra4 Re7 32. Ra5 Rc7 33. Ke2
c4 34. bxc4 Rxc4 35. Rxa7 Rc2+ 36. Kf3 Rxf2+ 0-1

[Event "Montreal inv"]
[Site "Montreal CAN"]
[Date "1980.01.13"]
[Round "2"]
[White "Barbeau, Sylvain"]
[Black "Brodeur, Gilles"]
[Result "1-0"]
[WhiteElo "1989"]
[BlackElo "2112"]
[PlyCount "67"]
[EventDate "1980.01.12"]
[EventType "tourn"]
[EventRounds "9"]
[EventCountry "CAN"]
[Source "ChessBase"]
[SourceDate "1997.11.17"]

1. c4 Nf6 2. Nf3 b6 3. g3 Bb7 4. Bg2 e6 5. O-O Be7 6. b3 O-O 7. Bb2 Ne4 8. Nc3
d5 9. cxd5 exd5 10. d4 Nxc3 11. Bxc3 Nd7 12. Bb2 Re8 13. Rc1 Bd6 14. Ne1 Qe7
15. Rc2 a5 16. Nd3 a4 17. Qb1 axb3 18. axb3 Ra7 19. Bc1 c5 20. Be3 Rea8 21.
Rfc1 Rc8 22. dxc5 bxc5 23. b4 d4 24. Bxb7 Rb8 25. bxc5 Raxb7 26. cxd6 Qf8 27.
Qxb7 Rxb7 28. Rc8 dxe3 29. Rxf8+ Nxf8 30. Rc7 Rb6 31. d7 Rd6 32. Nc5 exf2+ 33.
Kxf2 h5 34. Rc8 1-0

[Event "Montreal inv"]
[Site "Montreal CAN"]
[Date "1980.01.14"]
[Round "3"]
[White "Day, Lawrence"]
[Black "Barbeau, Sylvain"]
[Result "0-1"]
[WhiteElo "2423"]
[BlackElo "1989"]
[PlyCount "104"]
[EventDate "1980.01.12"]
[EventType "tourn"]
[EventRounds "9"]
[EventCountry "CAN"]
[Source "ChessBase"]
[SourceDate "1997.11.17"]

1. e4 c5 2. Nc3 Nc6 3. g3 g6 4. Bg2 Bg7 5. d3 d6 6. f4 e5 7. Nh3 Nge7 8. O-O f5
9. exf5 Nxf5 10. fxe5 Nxe5 11. Bg5 Qd7 12. Nd5 h6 13. Nf6+ Bxf6 14. Bxf6 O-O
15. Bd5+ Kh7 16. Bxe5 dxe5 17. Qf3 Rd8 18. c4 Qg7 19. g4 Nd4 20. Ng5+ Kh8 21.
Nf7+ Kh7 22. Ng5+ Kh8 23. Nf7+ Kh7 24. Qg2 Rd7 25. Rae1 Re7 26. Re3 Be6 27.
Nxh6 Bxd5 28. cxd5 Qxh6 29. Rh3 Ne2+ 30. Kh1 Nf4 31. Rxh6+ Kxh6 32. Qe4 g5 33.
d6 Re6 34. h4 Rf8 35. d7 b6 36. hxg5+ Kxg5 37. d8=Q+ Rxd8 38. Qf5+ Kh4 39. Rxf4
exf4 40. Qxe6 Kg3 41. g5 f3 42. Qe5+ Kf2 43. g6 Kf1 44. g7 f2 45. Kh2 c4 46. d4
Rg8 47. Kg3 Kg1 48. Qe3 Rxg7+ 49. Kh4 Kg2 50. Qh6 Rg3 51. Qf4 Rh3+ 52. Kg4 Rd3
0-1

[Event "Montreal inv"]
[Site "Montreal CAN"]
[Date "1980.01.16"]
[Round "5"]
[White "Spraggett, Kevin"]
[Black "Barbeau, Sylvain"]
[Result "1-0"]
[WhiteElo "2389"]
[BlackElo "1989"]
[PlyCount "43"]
[EventDate "1980.01.12"]
[EventType "tourn"]
[EventRounds "9"]
[EventCountry "CAN"]

1. e4 c5 2. Nf3 Nc6 3. Bb5 g6 4. O-O Bg7 5. c3 a6 6. Bxc6 dxc6 7. Qe2 Bg4 8.
Rd1 Nf6 9. d4 cxd4 10. cxd4 O-O 11. Nc3 Qc7 12. Be3 e5 13. h3 Bxf3 14. Qxf3
Rfe8 15. d5 cxd5 16. Nxd5 Nxd5 17. Rxd5 Rac8 18. Rc1 Qe7 19. Rxc8 Rxc8 20. Qd1
Bf6 21. a3 Bg5 22. Qg4 1-0

[Event "Montreal inv"]
[Site "Montreal CAN"]
[Date "1980.01.17"]
[Round "6"]
[White "Barbeau, Sylvain"]
[Black "Zurowski, Henry"]
[Result "1/2-1/2"]
[WhiteElo "1989"]
[BlackElo "2008"]
[PlyCount "58"]
[EventDate "1980.01.12"]
[EventType "tourn"]
[EventRounds "9"]
[EventCountry "CAN"]
[Source "ChessBase"]
[SourceDate "1997.11.17"]

1. c4 c5 2. g3 g6 3. Bg2 Bg7 4. Nc3 Nc6 5. d3 e6 6. Nh3 Nge7 7. Nf4 Rb8 8. Bd2
O-O 9. Rb1 a6 10. a3 b5 11. cxb5 axb5 12. b4 cxb4 13. axb4 d5 14. O-O Qd6 15.
e3 Bd7 16. d4 Nf5 17. Nd3 Qe7 18. Nc5 Nd6 19. Qb3 Nc4 20. Rfd1 Ra8 21. Bc1 Rfb8
22. Bb2 Be8 23. Ra1 Qd8 24. Ne2 Rxa1 25. Rxa1 Ra8 26. Rd1 Qb6 27. Ra1 Rxa1+ 28.
Bxa1 Qa7 29. Bc3 Ne7 1/2-1/2

[Event "Montreal inv"]
[Site "Montreal CAN"]
[Date "1980.01.18"]
[Round "7"]
[White "Allan, Denis"]
[Black "Barbeau, Sylvain"]
[Result "1/2-1/2"]
[WhiteElo "2200"]
[BlackElo "1989"]
[PlyCount "107"]
[EventDate "1980.01.12"]
[EventType "tourn"]
[EventRounds "9"]
[EventCountry "CAN"]
[Source "ChessBase"]
[SourceDate "1997.11.17"]

1. e4 c5 2. Nf3 Nc6 3. Bb5 Nf6 4. e5 Nd5 5. O-O g6 6. Re1 Bg7 7. d3 O-O 8. h3
b6 9. Bxc6 dxc6 10. a4 h6 11. Nbd2 Be6 12. Nc4 Qc7 13. Bd2 Rfd8 14. Qc1 Kh7 15.
Re4 Rh8 16. Rh4 Kg8 17. Bxh6 b5 18. axb5 cxb5 19. Na3 Qb7 20. Qg5 Nb4 21. Bxg7
Kxg7 22. Rxh8 Rxh8 23. Qg3 Bd5 24. Ne1 Nc6 25. Qe3 Nd4 26. f3 Qb6 27. Nb1 c4
28. Qf2 Rh5 29. f4 Ne2+ 30. Kf1 Nxf4 31. Qxb6 axb6 32. d4 Nxg2 33. Nxg2 Rf5+
34. Ke2 Bxg2 35. Ra6 f6 36. e6 Bxh3 37. Rxb6 Rd5 38. Ke3 Rd6 39. Rxd6 exd6 40.
d5 Kf8 41. Nc3 b4 42. Nb5 Ke7 43. Na7 f5 44. Nc8+ Kf6 45. Nxd6 g5 46. Nxc4 f4+
47. Kf3 Bf5 48. c3 bxc3 49. bxc3 Bg6 50. Nd2 Kf5 51. c4 g4+ 52. Kg2 Ke5 53. Nf1
Kd6 54. Kg1 1/2-1/2

[Event "Montreal inv"]
[Site "Montreal CAN"]
[Date "1980.01.19"]
[Round "8"]
[White "Barbeau, Sylvain"]
[Black "Witt, Laszlo"]
[Result "1/2-1/2"]
[WhiteElo "1989"]
[BlackElo "2259"]
[PlyCount "65"]
[EventDate "1980.01.12"]
[EventType "tourn"]
[EventRounds "9"]
[EventCountry "CAN"]
[Source "ChessBase"]
[SourceDate "1997.11.17"]

1. c4 e5 2. Nc3 Nc6 3. g3 g6 4. Bg2 Bg7 5. Rb1 a5 6. a3 h5 7. h4 d6 8. b4 axb4
9. axb4 Nge7 10. b5 Nd4 11. e3 Ne6 12. Nge2 O-O 13. O-O c6 14. d4 exd4 15. exd4
c5 16. dxc5 dxc5 17. Nd5 Nf5 18. Bb2 Nfd4 19. Nxd4 Nxd4 20. Ne3 Ra2 21. Re1 Kh8
22. Qc1 Kh7 23. Qd1 b6 24. Kh1 Qf6 25. f4 Qd8 26. Ba1 Re8 27. Qd3 Nf5 28. Qxd8
Rxd8 29. Bxg7 Kxg7 30. Nxf5+ Bxf5 31. Rbd1 Rdd2 32. Rxd2 Rxd2 33. Bd5 1/2-1/2

[Event "Montreal inv"]
[Site "Montreal CAN"]
[Date "1980.01.20"]
[Round "9"]
[White "Coudari, Camille"]
[Black "Barbeau, Sylvain"]
[Result "1/2-1/2"]
[WhiteElo "2255"]
[BlackElo "1989"]
[PlyCount "72"]
[EventDate "1980.01.12"]
[EventType "tourn"]
[EventRounds "9"]
[EventCountry "CAN"]
[Source "ChessBase"]
[SourceDate "1997.11.17"]

1. e4 c5 2. Nf3 Nc6 3. d4 cxd4 4. Nxd4 Nf6 5. Nc3 d6 6. Be2 e5 7. Nb3 Be7 8.
O-O O-O 9. Be3 Be6 10. f4 d5 11. exd5 Nxd5 12. Nxd5 Bxd5 13. c3 exf4 14. Bxf4
Qb6+ 15. Kh1 Rfd8 16. Qc2 Rac8 17. Bg4 Bxb3 18. axb3 Ra8 19. Rae1 Bd6 20. Be3
Qc7 21. g3 Re8 22. Bf3 Re5 23. Be4 g6 24. Bf4 Rh5 25. Qg2 Bxf4 26. gxf4 Rd8 27.
b4 Qd6 28. f5 a6 29. Re2 Rd7 30. Bxc6 Qxc6 31. Qxc6 bxc6 32. fxg6 hxg6 33. Ra1
Ra7 34. Re8+ Kg7 35. Rc8 Rd7 36. Kg2 Rd2+ 1/2-1/2

[Event "CAN-ch U20 1979-80"]
[Site "Saskatoon CAN"]
[Date "1979.12.31"]
[Round "?"]
[White "Barbeau, Sylvain"]
[Black "Filipovich, David"]
[Result "1/2-1/2"]
[WhiteElo "2049"]
[BlackElo "2011"]
[PlyCount "93"]
[EventDate "1979.12.26"]
[EventType "tourn"]
[EventRounds "11"]
[EventCountry "CAN"]

1. c4 Nf6 2. Nc3 g6 3. e4 d6 4. Nf3 Bg7 5. d4 O-O 6. Be2 c5 7. O-O Bg4 8. d5 b5
9. cxb5 a6 10. Nd2 Bxe2 11. Qxe2 Nbd7 12. Nc4 Qc7 13. Bd2 Nb6 14. Nxb6 Qxb6 15.
a4 axb5 16. Nxb5 Rfb8 17. Bc3 Ne8 18. e5 Nc7 19. Nxc7 Qxc7 20. f4 Qb7 21. Rfd1
Rd8 22. Qc4 Qa6 23. Qxa6 Rxa6 24. Kf2 Rb8 25. Ke2 f6 26. exf6 Bxf6 27. Kd3 Bxc3
28. Kxc3 Rb4 29. b3 Rxf4 30. g3 Rb4 31. Re1 Ra7 32. Red1 Rab7 33. Ra3 Kg7 34.
Rd3 Kf6 35. a5 e6 36. dxe6 Kxe6 37. Re3+ Kd7 38. Rf3 Kc6 39. Rf8 Ra7 40. Rf2
Rb5 41. Rfa2 Rb4 42. a6 Re4 43. Kd3 Re6 44. Ra5 Kb6 45. R5a4 Kb5 46. Ra5+ Kb6
47. R5a4 1/2-1/2

[Event "CAN-ch U20 1979-80"]
[Site "Saskatoon CAN"]
[Date "1979.??.??"]
[Round "?"]
[White "Hamilton, Robert"]
[Black "Barbeau, Sylvain"]
[Result "0-1"]
[WhiteElo "1916"]
[BlackElo "2049"]
[PlyCount "60"]
[EventDate "1979.12.26"]
[EventType "tourn"]
[EventRounds "11"]
[EventCountry "CAN"]

1. e4 c5 2. Nf3 Nc6 3. Bb5 g6 4. O-O Bg7 5. c3 e5 6. d4 cxd4 7. cxd4 exd4 8.
Bf4 Nge7 9. Nbd2 O-O 10. e5 d6 11. exd6 Nf5 12. Ne4 Be6 13. g4 Bd5 14. Nfd2 Nh6
15. Qf3 Nxg4 16. Qxg4 f5 17. Qg5 Bxe4 18. Bc4+ Kh8 19. Rac1 Bf6 20. Qh6 Ne5 21.
Nxe4 fxe4 22. Bd5 Nf3+ 23. Kh1 Bg7 24. Qh3 Rxf4 25. Bxe4 Ng5 26. Qb3 Nxe4 27.
Rc7 Nxd6 28. Rfc1 Qf8 29. Qg3 Ne4 30. Qb3 Nxf2+ 0-1

[Event "CAN-ch U20 1979-80"]
[Site "Saskatoon CAN"]
[Date "1979.12.??"]
[Round "?"]
[White "Woodley, James"]
[Black "Barbeau, Sylvain"]
[Result "0-1"]
[WhiteElo "1688"]
[BlackElo "2049"]
[PlyCount "70"]
[EventDate "1979.12.26"]
[EventType "tourn"]
[EventRounds "11"]
[EventCountry "CAN"]

1. d4 Nf6 2. c4 g6 3. Nc3 d5 4. cxd5 Nxd5 5. e4 Nxc3 6. bxc3 Bg7 7. Bc4 O-O 8.
Ne2 Nc6 9. O-O b6 10. Bg5 Na5 11. Bb5 Bb7 12. Qd3 c6 13. Ba4 c5 14. Bb5 a6 15.
Ba4 h6 16. Bh4 b5 17. Bc2 cxd4 18. cxd4 Rc8 19. Rac1 Nc6 20. Bb1 Qb6 21. d5 Ne5
22. Qd1 Rxc1 23. Qxc1 Rc8 24. Qd1 Rc7 25. Bg3 Rd7 26. Qc1 Nc4 27. Bf4 g5 28.
Bg3 e6 29. dxe6 Qxe6 30. Nc3 Nd2 31. Ne2 Nxf1 32. Kxf1 Qc4 33. Qe1 Bc3 34. Qc1
Rd2 35. Qe1 Rb2 0-1

[Event "CAN-ch U20 1979-80"]
[Site "Saskatoon CAN"]
[Date "1980.01.??"]
[Round "9"]
[White "Pacey, Kevin"]
[Black "Barbeau, Sylvain"]
[Result "0-1"]
[WhiteElo "1981"]
[BlackElo "2020"]
[PlyCount "98"]
[EventDate "1979.12.26"]
[EventType "tourn"]
[EventRounds "11"]
[EventCountry "CAN"]

1. e4 c5 2. Nf3 Nc6 3. d4 cxd4 4. Nxd4 Nf6 5. Nc3 d6 6. Bc4 Qb6 7. Nb3 e6 8.
Be3 Qc7 9. O-O a6 10. a4 b6 11. f4 Be7 12. Be2 O-O 13. Bf3 Bb7 14. g4 Nd7 15.
g5 Rfe8 16. Qe2 Bf8 17. Qg2 Rac8 18. Rad1 Nc5 19. Nd4 Nxd4 20. Bxd4 Bc6 21. b3
b5 22. axb5 axb5 23. f5 g6 24. fxg6 fxg6 25. e5 d5 26. b4 Na6 27. Nxd5 Bxd5 28.
Bxd5 Nxb4 29. Bb3 Nxc2 30. Rc1 Qd7 31. Bb6 Nb4 32. Rcd1 Qc6 33. Ba5 Qxg2+ 34.
Kxg2 Nc6 35. Bc3 b4 36. Bb2 Na5 37. Ba4 Re7 38. Bd7 Rc7 39. Bb5 Rf7 40. Rxf7
Kxf7 41. Rc1 Rb7 42. Ba4 b3 43. Rf1+ Kg7 44. Rc1 Be7 45. h4 h6 46. gxh6+ Kxh6
47. Kh3 Rb4 48. Rc7 Bxh4 49. Bc1+ Bg5 0-1

[Event "Mikhail Tal"]
[Site "Montreal CAN"]
[Date "1979.10.07"]
[Round "4"]
[White "Barbeau, Sylvain"]
[Black "Spraggett, Kevin"]
[Result "0-1"]
[WhiteElo "1977"]
[BlackElo "2391"]
[PlyCount "120"]
[EventDate "1979.10.06"]
[EventType "swiss"]
[EventRounds "6"]
[EventCountry "CAN"]

1. Nf3 Nf6 2. c4 e6 3. g3 b6 4. Bg2 Bb7 5. O-O Be7 6. b3 O-O 7. Bb2 c5 8. Nc3
d6 9. e3 Nbd7 10. Qe2 a6 11. Rfd1 Rb8 12. d4 Re8 13. Rd2 Bf8 14. Rad1 h6 15.
Qf1 Qc7 16. Ne1 Bxg2 17. Qxg2 cxd4 18. Rxd4 Rec8 19. Ne4 Nxe4 20. Qxe4 b5 21.
cxb5 axb5 22. R4d2 Nc5 23. Qg4 Qb7 24. Rc2 Ne4 25. Rdc1 Rxc2 26. Rxc2 Kh7 27.
Qf3 f5 28. Nd3 Ra8 29. Ba1 Rc8 30. Rxc8 Qxc8 31. Qe2 Qc6 32. f3 Ng5 33. Kf2 e5
34. h4 Ne6 35. Qd2 Qa8 36. Qc2 e4 37. Nf4 Nxf4 38. gxf4 Be7 39. Kg3 Qe8 40.
fxe4 Qh5 41. Bd4 Bxh4+ 42. Kg2 Qg4+ 43. Kh2 Bg3+ 44. Kh1 Qf3+ 45. Qg2 Qh5+ 46.
Kg1 Qd1+ 47. Qf1 Qc2 48. Qh3 Qf2+ 49. Kh1 Qf3+ 50. Qg2 fxe4 51. Qxf3 exf3 52.
a4 bxa4 53. bxa4 h5 54. e4 h4 55. Kg1 h3 56. e5 dxe5 57. fxe5 h2+ 58. Kh1 Bxe5
59. Bf2 g5 60. a5 g4 0-1

[Event "Mikhail Tal"]
[Site "Montreal CAN"]
[Date "1979.10.08"]
[Round "6"]
[White "Roos, Celine"]
[Black "Barbeau, Sylvain"]
[Result "1/2-1/2"]
[WhiteElo "1659"]
[BlackElo "2365"]
[PlyCount "89"]
[EventDate "1979.10.06"]
[EventType "swiss"]
[EventRounds "6"]
[EventCountry "CAN"]

1. c4 Nf6 2. Nc3 e5 3. g3 g6 4. Nf3 Nc6 5. Bg2 Bg7 6. O-O O-O 7. d4 exd4 8.
Nxd4 Nxd4 9. Qxd4 Re8 10. Qd3 d6 11. e4 Nd7 12. h3 Ne5 13. Qe2 Be6 14. Nd5 c6
15. Ne3 Qb6 16. Rd1 Qc5 17. Bf1 f5 18. exf5 gxf5 19. Rb1 a5 20. b3 f4 21. gxf4
Ng6 22. Qf3 Nh4 23. Qg3 Nf5 24. Nxf5 Bxf5 25. Bb2 Re7 26. Bd4 Qa3 27. Qg5 Rf7
28. Bd3 Bxd3 29. Rxd3 Kh8 30. Qh5 Raf8 31. Re1 Bxd4 32. Rxd4 Rg7+ 33. Kh1 Qxa2
34. Qf3 Qa3 35. f5 a4 36. f6 Rgf7 37. Rh4 Qb2 38. Re7 Qb1+ 39. Kh2 Rxf6 40.
Rhxh7+ Qxh7 41. Rxh7+ Kxh7 42. Qe4+ Kg8 43. Qg4+ Kh7 44. Qe4+ Kg7 45. Qg4+
1/2-1/2

[Event "Quebec op"]
[Site "Montreal CAN"]
[Date "1979.07.19"]
[Round "3"]
[White "Spraggett, Kevin"]
[Black "Barbeau, Sylvain"]
[Result "1-0"]
[WhiteElo "2389"]
[BlackElo "2165"]
[PlyCount "135"]
[EventDate "1979.07.17"]
[EventType "swiss"]
[EventRounds "8"]
[EventCountry "CAN"]

1. e4 c5 2. Nf3 Nc6 3. Bb5 g6 4. O-O Bg7 5. c3 e5 6. d4 cxd4 7. cxd4 exd4 8.
Bf4 Nge7 9. Bd6 O-O 10. Nbd2 a6 11. Bc4 b5 12. Bd3 Bb7 13. a4 Re8 14. axb5 axb5
15. Qb3 Nc8 16. Bg3 Ne5 17. Nxe5 Bxe5 18. Bxe5 Rxa1 19. Rxa1 Rxe5 20. Qb4 Qb6
21. Nb3 Nd6 22. f3 f5 23. exf5 Nxf5 24. Bxf5 Rxf5 25. Nxd4 Qc5 26. Qxc5 Rxc5
27. Kf2 Bc6 28. Ke3 Kf7 29. Rd1 Ke7 30. h4 Bd5 31. Rd2 Bc6 32. g3 Kf6 33. Rc2
Rxc2 34. Nxc2 Bd5 35. Nd4 Bc4 36. f4 h6 37. Nf3 d6 38. g4 h5 39. gxh5 gxh5 40.
Nd4 Bf1 41. Ke4 Bc4 42. Ke3 b4 43. Ke4 Bg8 44. Nc6 b3 45. Nd4 Bc4 46. Ke3 Bg8
47. Kd2 Bc4 48. Kc3 Bd5 49. Kb4 Bg8 50. Kb5 Bd5 51. Kb6 Be4 52. Kc7 d5 53. Kd6
Bg2 54. Kc5 Be4 55. Kb4 Bc2 56. Kc3 Bd1 57. Kd2 Bg4 58. Nxb3 Kf5 59. Ke3 Ke6
60. Nd4+ Kd6 61. b4 Bd7 62. Ne2 Be8 63. Kd4 Ke6 64. Ng3 Kd6 65. Nf5+ Kc6 66.
b5+ Kb6 67. Nd6 Bd7 68. Kxd5 1-0